000
00300nam a22001337a 4500
008
170811b xxu||||| |||| 00| 0 eng d
020
_a
0827312814
041
_a
eng
080
_a
51
100
_a
36
101
_a
MAT
245
_a
PRACTICAL PROBLEMS IN MATHEMATICS
_c
HOFFMAN,E.G
942
_2
udc
_c
BK
999
_c
23237
_d
23237